[Event "BEL-ch op"]
[Site "Niel"]
[Date "2017.07.09"]
[Round "9"]
[White "Gooris, Jan"]
[Black "Meskens, Stephan"]
[Result "1-0"]
[WhiteElo "2154"]
[BlackElo "1843"]
[PlyCount "75"]
[EventDate "2017.07.01"]
[EventType "swiss"]
[EventRounds "9"]
[EventCountry "BEL"]
[SourceTitle "EXT 2018"]
[Source "ChessBase"]
[SourceDate "2017.10.13"]
[SourceVersion "1"]
[SourceVersionDate "2017.10.13"]
[SourceQuality "1"]

1. d4 f5 2. g3 Nf6 3. Bg2 c6 4. Nf3 e6 5. 0-0 Be7 6. c4 0-0 7. Nc3 d5 8. b3 h6 9. Ne5 Qe8 10. f3 Nbd7 11. Nd3 g5 12. e4 Qg6 13. Re1 Rf7 14. exd5 exd5 15. Ne5 Nxe5 16. dxe5 Nh5 17. cxd5 Bc5+ 18. Kf1 cxd5 19. Qxd5 Bb6 20. Ba3 Be6 21. Qd3 Rd8 22. Bd6 Rfd7 23. Rad1 Bc5 24. Qb5 Bxd6 25. Rxd6 a6 26. Rxd7 Rxd7 27. Qe2 Qf7 28. Kg1 Rc7 29. Nd1 Rc1 30. Nf2 Qc7 31. Rxc1 Qxc1+ 32. Bf1 f4 33. g4 Ng7 34. Ne4 Qc7 35. Nf6+ Kf7 36. Qe4 b5 37. Bd3 Kf8 38. Kg2 1-0

[Event "BEL-ch op"]
[Site "Niel"]
[Date "2017.07.07"]
[Round "7"]
[White "Meskens, Stephan"]
[Black "Mitran, Anthony Cristian"]
[Result "0-1"]
[WhiteElo "1843"]
[BlackElo "2052"]
[PlyCount "51"]
[EventDate "2017.07.01"]
[EventType "swiss"]
[EventRounds "9"]
[EventCountry "BEL"]
[SourceTitle "EXT 2018"]
[Source "ChessBase"]
[SourceDate "2017.10.13"]
[SourceVersion "1"]
[SourceVersionDate "2017.10.13"]
[SourceQuality "1"]

1. e4 e5 2. Nf3 Nc6 3. Bc4 Bc5 4. c3 Nf6 5. d3 d6 6. 0-0 h6 7. a4 a6 8. Na3 0-0 9. Nc2 Ba7 10. Qe2 Be6 11. Ne3 Bxe3 12. Qxe3 Bxc4 13. dxc4 Na5 14. Nd2 Nd7 15. b4 Nc6 16. g3 Ne7 17. f4 f5 18. Nf3 exf4 19. gxf4 fxe4 20. Qxe4 Nf6 21. Qe2 Qd7 22. Nd4 Nf5 23. Qe6+ Qxe6 24. Nxe6 Rf7 25. Re1 Re8 26. Nd4 0-1

[Event "BEL-ch op"]
[Site "Niel"]
[Date "2017.07.04"]
[Round "4"]
[White "Jacobs, Paul"]
[Black "Meskens, Stephan"]
[Result "0-1"]
[WhiteElo "1653"]
[BlackElo "1843"]
[PlyCount "94"]
[EventDate "2017.07.01"]
[EventType "swiss"]
[EventRounds "9"]
[EventCountry "BEL"]
[SourceTitle "EXT 2018"]
[Source "ChessBase"]
[SourceDate "2017.10.13"]
[SourceVersion "1"]
[SourceVersionDate "2017.10.13"]
[SourceQuality "1"]

1. d4 f5 2. c4 Nf6 3. Nf3 e6 4. Nc3 Bb4 5. e3 0-0 6. Bd3 Nc6 7. 0-0 Be7 8. a3 Qe8 9. e4 fxe4 10. Nxe4 Nxe4 11. Bxe4 Qh5 12. d5 Ne5 13. Nxe5 Qxe5 14. Qc2 g6 15. Bd2 Bd6 16. g3 c6 17. f4 Qd4+ 18. Kh1 cxd5 19. cxd5 exd5 20. Bxg6 Qg7 21. Bd3 b6 22. Be2 Bb7 23. Bf3 Rfe8 24. Qd3 Qf7 25. Bc3 Bc5 26. b4 Re3 27. Qd1 Rxc3 28. bxc5 bxc5 29. Rc1 Rxc1 30. Qxc1 d6 31. Qd2 d4 32. Kg1 Bxf3 33. Rxf3 Rb8 34. f5 d5 35. Qf4 Re8 36. f6 Rf8 37. Qd6 c4 38. Rf5 d3 39. Kf2 h6 40. Ke3 Re8+ 41. Kd2 Re2+ 42. Kd1 Rxh2 43. Rxd5 c3 44. Qd8+ Kh7 45. Rxd3 Qb3+ 46. Ke1 Qb1+ 47. Rd1 Qe4+ 0-1

[Event "BEL-ch op"]
[Site "Antwerp"]
[Date "2013.07.14"]
[Round "9"]
[White "Meskens, Stephan"]
[Black "Barbier, Sigiswald"]
[Result "0-1"]
[WhiteElo "1806"]
[BlackElo "2115"]
[PlyCount "116"]
[EventDate "2013.07.06"]
[EventType "swiss"]
[EventRounds "9"]
[EventCountry "BEL"]
[SourceTitle "CBM 155 Extra"]
[Source "ChessBase"]
[SourceDate "2013.08.26"]
[SourceVersion "1"]
[SourceVersionDate "2013.08.26"]
[SourceQuality "1"]

1. e4 c5 2. Nf3 g6 3. d4 cxd4 4. Nxd4 Nc6 5. Be3 Nf6 6. Nc3 Bg7 7. Be2 0-0 8. Qd2 d5 9. Nxc6 bxc6 10. exd5 Nxd5 11. Nxd5 Qxd5 12. Qxd5 cxd5 13. 0-0-0 Rd8 14. c3 a5 15. Bc5 Bf5 16. Bd3 Bxd3 17. Rxd3 e6 18. Kc2 Rdc8 19. Be3 h5 20. f3 Rc4 21. Rhd1 a4 22. a3 Rb8 23. Ba7 Rb7 24. Be3 Rb3 25. g3 Bf6 26. f4 Rc7 27. Bd4 Be7 28. Rb1 Rcb7 29. Rdd1 R3b5 30. Re1 Kf8 31. Red1 Ke8 32. Be3 Bf6 33. Bd4 Be7 34. Be3 f6 35. Bd4 Kf7 36. Re1 Bd6 37. Rf1 Ke7 38. Rfe1 Kf7 39. Rf1 Kg7 40. Rfe1 Re7 41. Re2 e5 42. fxe5 fxe5 43. Rbe1 Reb7 44. Bxe5+ Bxe5 45. Rxe5 Rxb2+ 46. Kd3 Rxh2 47. Rxd5 Rg2 48. Re3 Rb3 49. Ra5 Rxa3 50. Kc4 Ra1 51. Kb4 Rb2+ 52. Kc5 a3 53. c4 a2 54. Rea3 Rg1 55. Kc6 a1Q 56. Rxa1 Rxg3 57. Rc1 h4 58. Rd5 h3 0-1

[Event "BEL-ch op"]
[Site "Antwerp"]
[Date "2013.07.11"]
[Round "6"]
[White "Van Poucke, Simon"]
[Black "Meskens, Stephan"]
[Result "1/2-1/2"]
[WhiteElo "2013"]
[BlackElo "1806"]
[PlyCount "74"]
[EventDate "2013.07.06"]
[EventType "swiss"]
[EventRounds "9"]
[EventCountry "BEL"]
[SourceTitle "CBM 155 Extra"]
[Source "ChessBase"]
[SourceDate "2013.08.26"]
[SourceVersion "1"]
[SourceVersionDate "2013.08.26"]
[SourceQuality "1"]

1. d4 d6 2. c4 g6 3. Nf3 Bg7 4. g3 Nd7 5. Bg2 Ngf6 6. 0-0 0-0 7. Nc3 c5 8. e4 cxd4 9. Nxd4 Ne5 10. b3 Bd7 11. h3 a6 12. Bb2 Qc8 13. Kh2 Qc5 14. Rc1 Neg4+ 15. Kg1 Qh5 16. Rc2 Ne5 17. Nd5 Nxd5 18. exd5 Qxd1 19. Rxd1 g5 20. Bf1 Rac8 21. Bc1 h6 22. a4 f5 23. f4 gxf4 24. gxf4 Ng6 25. Rg2 Nh4 26. Rg3 Kh7 27. Bb2 Rg8 28. Kf2 b5 29. axb5 axb5 30. Re1 Ng6 31. Rxg6 Kxg6 32. Rxe7 bxc4 33. Bxc4 Rcd8 34. Bd3 Bc8 35. Bb5 Bf6 36. Rc7 Rg7 37. Rc2 Re7 1/2-1/2

[Event "BEL-ch op"]
[Site "Antwerp"]
[Date "2013.07.06"]
[Round "1"]
[White "Noiroux, Kevin"]
[Black "Meskens, Stephan"]
[Result "1-0"]
[WhiteElo "2243"]
[BlackElo "1806"]
[PlyCount "49"]
[EventDate "2013.07.06"]
[EventType "swiss"]
[EventRounds "9"]
[EventCountry "BEL"]
[SourceTitle "CBM 155 Extra"]
[Source "ChessBase"]
[SourceDate "2013.08.26"]
[SourceVersion "1"]
[SourceVersionDate "2013.08.26"]
[SourceQuality "1"]

1. d4 d5 2. Nf3 Nf6 3. c3 e6 4. Bf4 Nbd7 5. e3 Be7 6. Nbd2 c5 7. Bd3 a6 8. Ne5 Qb6 9. Rb1 0-0 10. Qf3 Nxe5 11. dxe5 Ne8 12. Qh3 f5 13. g4 g6 14. Qg3 Ng7 15. h4 fxg4 16. Qxg4 Rf7 17. h5 Nf5 18. hxg6 hxg6 19. Qxg6+ Rg7 20. Qe8+ Bf8 21. Ke2 Qc7 22. Rh8+ Kxh8 23. Qxf8+ Kh7 24. Rh1+ Kg6 25. Rh6# 1-0